000 00593nam a2200181 a 4500
001 000027377
005 20240409073641.0
008 110331t1953 dr ac 000 0bspa d
040 _aDO-SdBNP
_bspa
_cBNPHU
082 _aF-RD 22
100 1 _aVicioso V., Juan A.
_954452
245 1 0 _aTrujillo inmortal /
_cJuan A. Vicioso V.
260 _aCiudad Trujillo, República Dominicana :
_bImpresora Dominicana,
_c1953.
300 _a61 p. :
_bil., retr. ;
_c21 cm.
600 1 0 _aTrujillo Molina, Rafael Leónidas,
_d 1891-1961
_976764
910 _aValidado. Control de calidad EMS.
049 _aBNPD
999 _c26869
_d26869